000 00681nam a2200169Ia 4500
003 GCL
008 140319s9999 xx 000 0 ara d
040 _aGCL /
_cGCL
082 0 4 _a331.48
_bس ا
100 1 _aسامية فهمى
245 1 0 _aادوار المرأة الريفية فى التنمية :
_bتجارب مصرية وعربية من الثمانينات وحتى مطلع القرن الحادى والعشرين /
_cسامية فهمى
260 _aالقاهرة :
_bدار المعرفة الجامعية ،
_c2003
300 _a362 ص ؛
_c24 سم
650 0 4 _aالتنمية الاجتماعية
650 0 4 _aالتنمية الريفية
942 _2ddc
_cBK
999 _c4161
_d4161